|
|
|
|
| LEADER |
00757cam a2200217 a 4500 |
| 001 |
0000094465 |
| 005 |
20090729090000.0 |
| 040 |
|
|
|a mod
|
| 041 |
|
|
|a eng
|
| 020 |
0 |
0 |
|a 0833027638
|
| 090 |
0 |
0 |
|a 358.415221
|b SUP
|e 1999
|
| 245 |
0 |
0 |
|a Supporting expeditionary aerospace forces
|b an integrated strategic agile combat support planning framework
|c by Robert S. Tripp...[et al]
|
| 260 |
0 |
0 |
|a Santa Monica
|b Rand
|c 1999
|
| 300 |
0 |
0 |
|a xxxiii, 112 p.
|c 23 cm
|
| 504 |
0 |
0 |
|a Bibliography: p. 111
|
| 650 |
0 |
0 |
|a Logistic
|
| 651 |
0 |
0 |
|a United States. Air Force
|x Organization
|
| 651 |
0 |
0 |
|a United States. Air Force
|x Operational readiness
|
| 700 |
1 |
1 |
|a Tripp
|h Robert S
|
| 852 |
0 |
0 |
|a 01
|
| 999 |
|
|
|a H100000118
|b Maktab Pertahanan Angkatan Tentera
|d BOOKS
|e Umum
|f MPAT
|j AVAILABLE
|q GOOD CONDITION
|